| 000 | 00834nam a2200205Ia 4500 | ||
|---|---|---|---|
| 003 | GCL | ||
| 008 | 140319s9999 xx 000 0 ara d | ||
| 040 |
_aGCL / _cGCL |
||
| 082 | 0 | 4 |
_aق _b932 _bا د |
| 100 | 1 | _aاحمد امين سليم | |
| 245 | 1 | 0 |
_aدراسات فى تاريخ مصر الفرعونية : منذ اقدم العصور وحتى مجىء الاسكندر المقدونى / _cاحمد امين سليم |
| 700 | 1 | _aسوزان عبداللطيف | |
| 260 |
_aالقاهرة : _bدار المعرفة الجامعية ، _c1997 |
||
| 300 |
_a319 ص ؛ _c24 سم |
||
| 490 |
_aالهيئة العامة للاستعلامات _v0 |
||
| 650 | 0 | 4 | _aالتاريخ |
| 650 | 0 | 4 | _aمصر القديمة - تاريخ - العصر اليونانى |
| 650 | 0 | 4 | _aمصر القديمة - تاريخ |
| 942 |
_2ddc _cBK |
||
| 999 |
_c49196 _d49196 |
||